|
|
|
|
| LEADER |
00000nab a2200000 a 4500 |
| 001 |
vtls000260876 |
| 003 |
SK-MaSNL |
| 005 |
20260318115053.0 |
| 008 |
111202c1985 xo 0 slo |
| 015 |
|
|
|a SNBRA19rr/mm-uuuuu
|
| 035 |
|
|
|a CL0270990
|
| 040 |
|
|
|a SNKBUCL
|b slo
|c SNKBUCL
|e AACR2
|
| 041 |
0 |
|
|a slo
|
| 044 |
|
|
|a xo
|c SK
|
| 080 |
|
|
|a 338.26
|2 1981
|
| 100 |
1 |
|
|a Markuš, I.
|4 aut
|9 1603233
|
| 245 |
1 |
0 |
|a Nabrosok novogo podchoda k formirovaniju zadač narodnochozjajstvennogo plana i ego uvjazki s chozjajstvennym mechanizmom
|c I. Markuš
|
| 300 |
|
|
|b Lit. 2 zázn. v slov., ruš.
|
| 650 |
0 |
7 |
|a národné hospodárstvo
|2 snkbucl
|9 846
|
| 650 |
0 |
7 |
|a hospodárske plány
|2 snkbucl
|9 2286
|
| 655 |
|
7 |
|a články zo zborníkov
|2 snkbucl
|9 166140
|
| 773 |
0 |
|
|t Voprosy daľnejšego soveršenstvovanija chozjajstvennogo mechanizma
|d Bratislava : EÚ SAV, 1985
|
| 850 |
|
|
|a Slovenská národná knižnica v Martine
|a MTA001
|
| 852 |
|
|
|a SNK
|b KIS3GCP
|
| 958 |
|
|
|a RK
|
| 992 |
|
|
|a RZB
|
| 999 |
|
|
|c 3302925
|d 3304855
|